| 000 | 00740nab a2200241 a 4500 | ||
|---|---|---|---|
| 001 | 61942 | ||
| 003 | 134174 | ||
| 005 | 20201118105856.0 | ||
| 008 | ||||||n9999 ||| || || | ||
| 041 | _aspa | ||
| 100 | _aMorande, Felipe G. | ||
| 245 | 0 |
_aLa dinamica de los precios de los activos reales y el tipo de cambio real : _blas reformas al comercioexterior y las entradas de capital extranjero. Chile, 1976-1989 |
|
| 260 |
_aMéxico : _bFondo de Cultura Económica, _c1992. |
||
| 300 | _app.141-186 | ||
| 562 | _e0 | ||
| 650 | _aCAMBIO | ||
| 650 | _aCHILE | ||
| 650 | _aCOMERCIO EXTERIOR | ||
| 650 | _aPRECIOS | ||
| 650 | _y1976-1989 | ||
| 773 |
_060908 _aEl Trimestre Económico - Vol.59 Numero Especial |
||
| 942 | _cSART | ||
| 999 |
_c61942 _d61942 |
||